The poetry of France : from André Chénier to Pierre Emmanuel / from André Chénier to Pierre Emmanuel /
Descripción Física:
247 pàg. : 18 cm
Materias:
Fons Joan Junyer i Pascual (1909-1994)
Idioma:
English , French
MARC
| LEADER | 00000nam a22000007a 4500 | ||
|---|---|---|---|
| 001 | 24753 | ||
| 003 | AGDB | ||
| 005 | 20260324181535.0 | ||
| 008 | 251009b -uk||||| |||| 00| 0 eng d | ||
| 041 | |a eng |a fre | ||
| 100 | |a Boase, Alan M. |d 1902-1982 |9 72429 | ||
| 245 | |a The poetry of France : |b from André Chénier to Pierre Emmanuel / |c an anthology with notes by Alan M. Boase | ||
| 250 | |a School Edition | ||
| 260 | |a London : |b Methuen & Co. ltd. , |c 1955 | ||
| 300 | |a 247 pàg. : |c 18 cm | ||
| 500 | |a Prové del fons Joan Junyer i Pascual (1909-1994) | ||
| 501 | |a Conté un índex d'autors | ||
| 501 | |a Conté un índex de primers versos | ||
| 650 | |a Fons Joan Junyer i Pascual (1909-1994) |9 72777 | ||
| 942 | |2 udc |c ARXIU |n 1 | ||
| 952 | |0 0 |1 0 |4 0 |6 F50430 |7 1 |9 98413 |a Arxiu |b Arxiu |d 2025-10-09 |l 0 |o F-504-30 |p 24753 |r 2025-10-09 10:23:30 |w 2025-10-09 |y ARXIU | ||
| 999 | |c 130167 |d 130167 | ||